A-Countries First-Level Subdivisions - Statistics

General Stats
  • This quiz has been taken 16 times
    14 since last reset
  • The average score is 133 of 278
Answer Stats
Country Subdivision % Correct
ALG Algiers
75%
ARG Buenos Aires
75%
AUS Christmas Island
75%
ARG Córdoba
75%
AZE Julfa
75%
AFG Kabul
75%
AFG Kandahar
75%
ANG Luanda
75%
ARG Mendoza
75%
AUS New South Wales
75%
AUS Norfolk Island
75%
AUS Northern Territory
75%
ALG Oran
75%
AUS Tasmania
75%
ARG Tierra del Fuego
75%
AUS Victoria
75%
AUT Vienna
75%
AZE Absheron
50%
ALG Adrar
50%
AZE Agdash
50%
AZE Aghdam
50%
AZE Aghdara
50%
AZE Aghjabadi
50%
AZE Agsu
50%
ALG Aïn Defla
50%
ALG Aïn Guezzam
50%
ALG Aïn Salah
50%
ALG Aïn Témouchent
50%
AND Andorra la Vella
50%
ALG Annaba
50%
ARM Aragatsotn
50%
ARM Ararat
50%
ARM Armavir
50%
AUS Ashmore and Cartier Islands
50%
AZE Astara
50%
AUS Australian Antarctic Territory
50%
AUS Australian Capital Territory
50%
ARG Autonomous City of Buenos Aires
50%
AZE Babek
50%
AFG Badakhshan
50%
AFG Badghis
50%
AFG Baghlan
50%
AZE Baku City
50%
AZE Balakan
50%
AFG Balkh
50%
AFG Bamyan
50%
ANT Barbuda
50%
AZE Barda
50%
ALG Batna
50%
ALG Béchar
50%
ALG Béjaïa
50%
ANG Bengo
50%
ANG Benguela
50%
ALG Béni Abbès
50%
ALB Berat
50%
AZE Beylagan
50%
ANG Bié
50%
AZE Bilasuvar
50%
ALG Biskra
50%
ALG Blida
50%
ALG Bordj Badji Mokhtar
50%
ALG Bordj Bou Arréridj
50%
ALG Bouïra
50%
ALG Boumerdès
50%
AUT Burgenland
50%
ANG Cabinda
50%
AND Canillo
50%
AUT Carinthia
50%
ARG Catamarca
50%
ARG Chaco
50%
ALG Chlef
50%
ARG Chubut
50%
AUS Cocos (Keeling) Islands
50%
ALG Constantine
50%
AUS Coral Sea Islands
50%
ARG Corrientes
50%
ANG Cuando
50%
ANG Cuanza Norte
50%
ANG Cuanza Sul
50%
ANG Cubango
50%
ANG Cunene
50%
AZE Dashkasan
50%
AFG Daykundi
50%
ALB Dibër
50%
ALG Djanet
50%
ALG Djelfa
50%
ALB Durrës
50%
ALB Elbasan
50%
ALG El Bayadh
50%
ALG El Menia
50%
ALG El M'Ghair
50%
ALG El Oued
50%
ALG El Tarf
50%
AND Encamp
50%
ARG Entre Ríos
50%
AND Escaldes-Engordany
50%
AFG Farah
50%
AFG Faryab
50%
ALB Fier
50%
ARG Formosa
50%
AZE Fuzuli
50%
AZE Gadabay
50%
AZE Ganja City
50%
ARM Gegharkunik
50%
ALG Ghardaïa
50%
AFG Ghazni
50%
AFG Ghor
50%
ALB Gjirokastër
50%
AZE Gobustan
50%
AZE Goranboy
50%
AZE Goychay
50%
AZE Goygol
50%
ALG Guelma
50%
AZE Hajigabul
50%
AFG Helmand
50%
AFG Herat
50%
ANG Huambo
50%
ANG Huíla
50%
ANG Icolo e Bengo
50%
ALG Illizi
50%
AZE Imishli
50%
AZE Ismayilli
50%
AZE Jabrayil
50%
AZE Jalilabad
50%
AUS Jervis Bay
50%
ALG Jijel
50%
AFG Jowzjan
50%
ARG Jujuy
50%
AFG Kapisa
50%
AZE Khachmaz
50%
ALG Khenchela
50%
AZE Khojaly
50%
AZE Khojavend
50%
AFG Khost
50%
ALB Korçë
50%
ARM Kotayk
50%
ALB Kukës
50%
AFG Kunar
50%
AFG Kunduz
50%
AZE Lachin
50%
AFG Laghman
50%
ALG Laghouat
50%
AND La Massana
50%
AZE Lankaran
50%
AZE Lankaran City
50%
ARG La Pampa
50%
ARG La Rioja
50%
AZE Lerik
50%
ALB Lezhë
50%
AFG Logar
50%
ARM Lori
50%
AUT Lower Austria
50%
ANG Lunda Norte
50%
ANG Lunda Sul
50%
ANG Malanje
50%
AZE Masally
50%
ALG Mascara
50%
ALG Médéa
50%
ALG Mila
50%
AZE Mingachevir
50%
ARG Misiones
50%
ALG Mostaganem
50%
ANG Moxico
50%
ANG Moxico Leste
50%
ALG M'Sila
50%
ALG Naâma
50%
AZE Nakhchivan City
50%
ANG Namibe
50%
AFG Nangarhar
50%
AZE Neftchala
50%
ARG Neuquén
50%
AFG Nimruz
50%
AFG Nuristan
50%
AZE Oghuz
50%
AND Ordino
50%
AZE Ordubad
50%
ALG Ouargla
50%
ALG Ouled Djellal
50%
ALG Oum El Bouaghi
50%
AFG Paktia
50%
AFG Paktika
50%
AFG Panjshir
50%
AFG Parwan
50%
AZE Qabala
50%
AZE Qakh
50%
AZE Qazax
50%
AZE Quba
50%
AZE Qubadli
50%
AUS Queensland
50%
AZE Qusar
50%
ANT Redonda
50%
ALG Relizane
50%
ARG Rio Negro
50%
AZE Sabirabad
50%
AZE Sadarak
50%
ALG Saïda
50%
ANT Saint George
50%
ANT Saint John
50%
ANT Saint Mary
50%
ANT Saint Paul
50%
ANT Saint Peter
50%
ANT Saint Philip
50%
ARG Salta
50%
AUT Salzburg
50%
AFG Samangan
50%
ARG San Juan
50%
ARG San Luis
50%
ARG Santa Cruz
50%
ARG Santa Fe
50%
ARG Santiago del Estero
50%
AND Sant Julià de Lòria
50%
AFG Sar-e Pol
50%
ALG Sétif
50%
AZE Shaki
50%
AZE Shaki City
50%
AZE Shamkir
50%
ARM Shirak
50%
ALB Shkodër
50%
ALG Sidi Bel Abbès
50%
AZE Şirvan
50%
ALG Skikda
50%
ALG Souk Ahras
50%
AUS South Australia
50%
AUT Styria
50%
ARM Syunik
50%
AFG Takhar
50%
ALG Tamanrasset
50%
ARM Tavush
50%
ALG Tébessa
50%
ALG Tiaret
50%
ALG Timimoun
50%
ALG Tindouf
50%
ALG Tipaza
50%
ALB Tiranë
50%
ALG Tissemsilt
50%
ALG Tizi Ouzou
50%
ALG Tlemcen
50%
ALG Touggourt
50%
ARG Tucumán
50%
AUT Tyrol
50%
ANG Uíge
50%
AUT Upper Austria
50%
AFG Uruzgan
50%
ARM Vayots Dzor
50%
ALB Vlorë
50%
AUT Vorarlberg
50%
AFG Wardak
50%
AUS Western Australia
50%
ARM Yerevan City
50%
AFG Zabul
50%
ANG Zaire
50%
AZE Aghstafa
25%
AUS Heard Island and McDonald Islands
25%
AZE Kalbajar
25%
AZE Khankendi City
25%
AZE Kurdamir
25%
AZE Naftalan
25%
AZE Saatly
25%
AZE Shabran
25%
AZE Yevlakh
25%
AZE Yevlakh City
25%
AZE Zagatala
25%
AZE Zangilan
25%
AZE Zardab
25%
AZE Kangarli
0%
AZE Khizi
0%
AZE Salyan
0%
AZE Samukh
0%
AZE Shahbuz
0%
AZE Shamaki
0%
AZE Sharur
0%
AZE Shusha
0%
AZE Siyazan
0%
AZE Sumgait
0%
AZE Tartar
0%
AZE Tovuz
0%
AZE Ujar
0%
AZE Yardimli
0%
No matching quizzes found
Score Distribution
Percent of People with Each Score
Percentile by Number Answered
Your Score History
You have not taken this quiz since the last reset